000 00610nam a2200217Ia 4500
999 _c47561
_d47561
001 14425
003 GE_BSU
005 20210713120931.0
008 181216s1999||||eng|||||||||||||| ||eng||
020 _a9780091867836
040 _cGE_BSU
041 _aeng
080 _a614.3 A-90
100 _aAtkins, Robert C.
_912242
245 _aDr. Adkins New Diet Revolution /
_cAtkins, Robert C.
264 _aLondon :
_bVermillion,
_c1999.
300 _a417 p.;
_b20 cm.
653 _aDr.Adkins New Diet Revolution
653 _aახალი დიეტის რევოლუცია
942 _cBK
_2udc